000 00173 a2200097 4500
001 28414
100 _a
245 _a
260 _a
_bMcGraw-Hill
_c
090 _c19020
_d19020
942 _aNUST-CAE
_c
_c10026
999 _c263487
_d263487